Valuation for JCT IC05 (Record no. 105989)
[ view plain ]
| 000 -LEADER | |
|---|---|
| fixed length control field | 00269cam a2200121 4500 |
| 001 - CONTROL NUMBER | |
| control field | L135298 |
| 008 - FIXED-LENGTH DATA ELEMENTS--GENERAL INFORMATION | |
| fixed length control field | 061010n2006 000 0 eng u |
| 035 ## - SYSTEM CONTROL NUMBER | |
| System control number | (Sirsi) u135298 |
| 245 ## - TITLE STATEMENT | |
| Title | Valuation for JCT IC05 |
| 260 ## - PUBLICATION, DISTRIBUTION, ETC. | |
| Place of publication, distribution, etc. | RICS Books |
| Date of publication, distribution, etc. | 2006 |
| 942 ## - ADDED ENTRY ELEMENTS (KOHA) | |
| Suppress in OPAC | 0 |
No items available.